[Event "POL-chT 1st League 2020"]
[Site "Ustron"]
[Date "2020.09.07"]
[Round "3.21"]
[White "Luch, Michal"]
[Black "Koziol, Kamil"]
[Result "1/2-1/2"]
[WhiteElo "2389"]
[BlackElo "2296"]
[Annotator "TA"]
[PlyCount "115"]
[EventDate "2020.09.05"]
[EventType "team-tourn"]
[EventCountry "POL"]
[SourceTitle "playchess.com"]
[Source "ChessBase"]
[SourceQuality "1"]
[WhiteTeam "Bialy Krol Wisznia Mala"]
[BlackTeam "MKSz Rybnik"]
[WhiteTeamCountry "POL"]
[BlackTeamCountry "POL"]

{[%evp 11,115,13,13,15,16,17,19,22,27,23,33,32,22,16,23,11,24,15,31,26,19,20,30,23,25,29,20,20,22,25,22,31,24,17,17,0,2,0,0,0,0,0,0,0,0,0,104,97,97,98,98,101,112,112,100,107,103,102,114,94,103,81,81,81,81,27,27,18,27,19,27,19,27,27,50,27,50,53,58,60,83,0,0,0,31,0,0,0,0,0,0,0,0,0,0,0,0,0,0,0,0,0,0,0,0,0]} 1. d4 Nf6 2. c4 e6 3. Nf3 d5 4. g3 dxc4 5. Bg2 Bb4+ 6. Bd2 a5 7. Qc2 {E04: Open Catalan: 5 Nf3.} Bxd2+ 8. Qxd2 c6 9. a4 Ne4 10. Qf4 Qb6 11. O-O Qxb2 {[%mdl 64] [#] Double Attack} 12. Ne5 O-O $1 13. Na3 $1 Nc3 {[%mdl 64] Double Attack} 14. Qe3 Nxe2+ 15. Kh1 Nc3 $1 16. Naxc4 Qb4 17. Rfc1 Nd5 18. Bxd5 $1 exd5 19. Nd3 {[#]} Qb3 $146 ({Predecessor:} 19... Qxc4 20. Rxc4 dxc4 21. Nf4 Nd7 22. d5 Nf6 23. dxc6 Ra6 24. c7 Rc6 25. Qe7 Ne8 {½-½ (63) Vorobiov,E (2554)-Faizrakhmanov,R (2434) Pavlodar 2019}) 20. Rab1 Qxb1 21. Rxb1 dxc4 22. Nf4 Nd7 23. Qc3 b5 $1 24. f3 $36 {[%mdl 2048] White has the initiative.} Nb6 {aiming for ...Bf5.} 25. axb5 Bf5 26. Ra1 cxb5 {White must now prevent ...b4.} 27. Rxa5 Na4 28. Qb4 Rxa5 (28... c3 $1 $11 29. Rxa8 (29. Rxb5 $2 c2 $19) 29... Rxa8) 29. Qxa5 $16 c3 30. Ne2 c2 31. Qxb5 Nc3 32. Qxf5 Nxe2 33. Qxc2 Nxd4 {[%mdl 4096] Endgame KQ-KRN} 34. Qe4 Ne6 35. h4 g6 36. Kg2 h5 37. Qe5 Ng7 38. g4 ({White should play} 38. Qd5 $16) 38... Re8 $11 39. Qb5 Re6 40. Kg3 {next Qd5 is good for White.} Kh7 41. Qd7 Kg8 42. Qa7 Re8 43. Qb7 Re6 44. Kf4 hxg4 45. fxg4 f5 46. h5 (46. Qd5 $16 {Hoping for h5!} Kh7 47. Kg5 (47. gxf5 gxf5 48. Kf3 Rh6 $16) 47... fxg4 48. Kxg4) 46... Kh7 47. hxg6+ Rxg6 48. gxf5 Rf6 {The position is equal.} 49. Qh1+ Rh6 50. Qg2 Rh4+ 51. Ke5 Rh5 52. Qg6+ Kg8 53. Kf4 {Intending f6 and mate.} (53. Ke4 {looks sharper.}) 53... Rxf5+ 54. Kg4 Kf8 55. Qd6+ Kf7 56. Qd7+ Kf8 57. Qxg7+ {[%mdl 64] [#] Remove Defender} Kxg7 58. Kxf5 {Accuracy: White = 93%, Black = 98%.} 1/2-1/2

[Event "POL-chT 1st League 2020"]
[Site "Ustron"]
[Date "2020.09.07"]
[Round "3.22"]
[White "Nowak, Mikolaj"]
[Black "Brodowski, Piotr"]
[Result "1/2-1/2"]
[WhiteElo "2279"]
[BlackElo "2446"]
[Annotator "TA"]
[PlyCount "43"]
[EventDate "2020.09.05"]
[EventType "team-tourn"]
[EventCountry "POL"]
[SourceTitle "playchess.com"]
[Source "ChessBase"]
[SourceQuality "1"]
[WhiteTeam "MKSz Rybnik"]
[BlackTeam "Bialy Krol Wisznia Mala"]
[WhiteTeamCountry "POL"]
[BlackTeamCountry "POL"]

{[%evp 9,43,58,62,56,37,50,84,-8,-6,-18,-5,0,27,37,26,33,40,26,101,108,124,0,0,0,0,-13,0,0,0,0,0,0,0,0,0,0]} 1. d4 Nf6 2. Nf3 c5 3. d5 e6 4. Nc3 b5 5. dxe6 fxe6 6. e4 {A43: Schmid Benoni.} b4 7. Nb5 {[#] Black must now prevent e5.} Ba6 $146 ({Predecessor:} 7... Bb7 8. Bf4 Na6 9. a3 b3 10. e5 Ne4 11. Nd2 Nxd2 12. Qxd2 Be7 13. Bd3 O-O {1-0 (40) Le,Q (2687)-Philippe,C (2422) Mulhouse 2011}) 8. Nd6+ (8. e5 $16 Nd5 9. Bc4) 8... Bxd6 $1 $11 9. Qxd6 Bxf1 10. Rxf1 Qe7 11. Qc7 {[#] aiming for Qb7.} Nc6 12. Bg5 h6 13. Bxf6 gxf6 (13... Qxf6 $11 14. O-O-O Rd8) 14. O-O-O $16 Rg8 15. Rd2 (15. Nd2 $16) 15... Rxg2 $11 {The position is equal.} 16. Rfd1 {[%cal Rd2d7]} Rd8 17. Ne1 Rg1 18. Qf4 Qg7 19. Qd6 Qe7 20. Qf4 Qg7 21. Qd6 Qe7 22. Qf4 {Accuracy: White = 77%, Black = 74%.} 1/2-1/2

[Event "POL-chT 1st League 2020"]
[Site "Ustron"]
[Date "2020.09.07"]
[Round "3.23"]
[White "Skawinski, Arkadiusz"]
[Black "Tomaszewski, Kacper"]
[Result "1/2-1/2"]
[WhiteElo "2384"]
[BlackElo "2341"]
[Annotator "TA"]
[PlyCount "57"]
[EventDate "2020.09.05"]
[EventType "team-tourn"]
[EventCountry "POL"]
[SourceTitle "playchess.com"]
[Source "ChessBase"]
[SourceQuality "1"]
[WhiteTeam "Bialy Krol Wisznia Mala"]
[BlackTeam "MKSz Rybnik"]
[WhiteTeamCountry "POL"]
[BlackTeamCountry "POL"]

{[%evp 19,57,5,16,0,0,5,23,23,27,0,0,0,0,0,0,0,0,0,0,0,0,0,29,23,46,47,58,0,0,0,0,0,0,0,0,0,0,0,0,0]} 1. e4 c6 2. Nf3 d5 3. Nc3 g6 4. h3 Bg7 5. d4 Nf6 6. Bd3 dxe4 7. Nxe4 Nxe4 8. Bxe4 Nd7 9. O-O O-O 10. c3 e5 11. Bc2 {B15: Caro-Kann: 3 Nc3: 3...g6 and 3...dxe4 4 Nxe4 Nf6 5 Nxf6+ exf6.} exd4 12. Nxd4 Nc5 13. Be3 {White has an edge.} Ne6 14. Nb3 Qc7 {[#]} 15. f4 $146 ({Predecessor:} 15. Qf3 a5 16. a4 b6 17. Rfd1 Bb7 18. Nd2 Rad8 19. Nc4 c5 20. Be4 Bxe4 21. Qxe4 Rxd1+ 22. Rxd1 {1-0 (42) Becerra Rivero,J (2552)-Rogers,N (2264) Minneapolis 2005}) 15... f5 $1 16. Nd4 Nxd4 17. Bxd4 Be6 18. Re1 Bd5 19. Bxg7 Qxg7 20. Bb3 Rad8 21. Re5 {[%cal Rb3d5]} Bf7 22. Qe2 Rd7 23. Rd1 ({White should try} 23. Bxf7+ $14 Qxf7 24. Re6) 23... Bxb3 $11 {The position is equal.} 24. axb3 Rxd1+ 25. Qxd1 {KQR-KQR} Qc7 26. Qd4 Qb6 27. Qxb6 axb6 28. Re7 Rf7 29. Re8+ {Accuracy: White = 88%, Black = 92%.} 1/2-1/2

[Event "POL-chT 1st League 2020"]
[Site "Ustron"]
[Date "2020.09.07"]
[Round "3.24"]
[White "Kucharska, Honorata"]
[Black "Przezdziecka, Ewa"]
[Result "1/2-1/2"]
[WhiteElo "2237"]
[BlackElo "2166"]
[Annotator "ChessBase"]
[PlyCount "77"]
[EventDate "2020.09.05"]
[EventType "team-tourn"]
[EventCountry "POL"]
[SourceTitle "playchess.com"]
[Source "ChessBase"]
[SourceQuality "1"]
[WhiteTeam "MKSz Rybnik"]
[BlackTeam "Bialy Krol Wisznia Mala"]
[WhiteTeamCountry "POL"]
[BlackTeamCountry "POL"]
[TimeControl "40/5400+30:1800+30"]

1. d4 {[%emt 0:00:00]} d5 {[%emt 0:00:00]} 2. Nf3 {[%emt 0:00:28]} Nf6 {[%emt 0:00:25]} 3. Bf4 {[%emt 0:01:04]} e6 {[%emt 0:01:16]} 4. e3 {[%emt 0:00:56]} Bd6 {[%emt 0:00:58]} 5. Bg3 {[%emt 0:02:37]} O-O {[%emt 0:00:26]} 6. Bd3 {[%emt 0:01:06]} b6 {[%emt 0:03:00]} 7. Nbd2 {[%emt 0:01:10]} Bb7 {[%emt 0:00:54]} 8. O-O {[%emt 0:05:05]} Bxg3 {[%emt 0:05:14]} 9. hxg3 {[%emt 0:00:26]} Nbd7 {[%emt 0:00:44]} 10. c4 {[%emt 0:02:41]} c5 {[%emt 0:05:13]} 11. b3 {[%emt 0:01:22]} cxd4 {[%emt 0:09:49]} 12. exd4 {[%emt 0:00:32]} dxc4 {[%emt 0:03:58]} 13. bxc4 {[%emt 0:00:12]} Nc5 {[%emt 0:08:40]} 14. Bc2 {[%emt 0:08:48]} Nce4 {[%emt 0:04:57]} 15. Qe2 {[%emt 0:01:32]} Nxd2 {[%emt 0:02:35]} 16. Qxd2 {[%emt 0:00:19]} Be4 {[%emt 0:09:46]} 17. Bxe4 {[%emt 0:05:24]} Nxe4 {[%emt 0:00:05]} 18. Qe3 {[%emt 0:01:20]} Nd6 {[%emt 0:03:00]} 19. Rac1 {[%emt 0:02:57]} Rc8 {[%emt 0:03:37]} 20. Qd3 {[%emt 0:03:52]} Qf6 {[%emt 0:14:15]} 21. c5 {[%emt 0:05:33]} Nf5 {[%emt 0:06:12]} 22. c6 {[%emt 0:05:24]} Rfd8 {[%emt 0:01:56]} 23. Rfd1 {[%emt 0:13:09]} Rd6 {[%emt 0:02:47]} 24. Qe4 {[%emt 0:06:26]} Qd8 {[%emt 0:07:07]} 25. g4 {[%emt 0:03:43]} Ne7 {[%emt 0:02:13]} 26. Ng5 {[%emt 0:03:32]} Ng6 {[%emt 0:01:24]} 27. f4 {[%emt 0:00:22]} h6 {[%emt 0:00:30]} 28. Nf3 {[%emt 0:00:40]} Ne7 {[%emt 0:01:27]} 29. g5 {[%emt 0:03:17]} Rdxc6 {[%emt 0:00:55]} 30. Rxc6 {[%emt 0:00:34]} Rxc6 {[%emt 0:00:09]} 31. Ne5 {[%emt 0:01:22]} Rc7 {[%emt 0:00:44]} 32. gxh6 {[%emt 0:01:30]} gxh6 {[%emt 0:00:29]} 33. Ng4 {[%emt 0:00:57]} Nf5 {[%emt 0:00:07]} 34. Qe5 {[%emt 0:02:33]} Rc8 {[%emt 0:01:13]} 35. d5 {[%emt 0:01:24]} Rc5 {[%emt 0:00:35]} 36. Nf6+ {[%emt 0:01:06]} Kf8 {[%emt 0:00:16]} 37. Nh7+ {[%emt 0:02:32]} Kg8 {[%emt 0:00:04]} 38. Nf6+ {[%emt 0:01:24]} Kf8 {[%emt 0:00:01]} 39. Nh7+ {[%emt 0:00:00]} 1/2-1/2

[Event "POL-chT 1st League 2020"]
[Site "Ustron"]
[Date "2020.09.07"]
[Round "3.25"]
[White "Maciejczak, Jakub"]
[Black "Ponizil, Cyril"]
[Result "0-1"]
[WhiteElo "2371"]
[BlackElo "2507"]
[Annotator "TA"]
[PlyCount "120"]
[EventDate "2020.09.05"]
[EventType "team-tourn"]
[EventCountry "POL"]
[SourceTitle "playchess.com"]
[Source "ChessBase"]
[SourceQuality "1"]
[WhiteTeam "OTSz Ostrow Wielkopolski"]
[BlackTeam "SEMPAI UKS HETMAN Cz."]
[WhiteTeamCountry "POL"]
[BlackTeamCountry "CZE"]

{[%evp 21,120,-21,-16,-18,15,10,13,16,21,20,25,9,4,9,10,10,27,0,0,0,0,0,0,0,0,0,0,0,0,0,0,0,0,-8,16,8,12,8,7,10,15,11,22,14,12,0,8,0,18,0,0,0,0,0,0,0,13,13,13,18,14,4,7,0,0,0,0,0,0,0,10,0,0,0,0,-25,0,0,0,-31,0,0,0,0,0,-173,-183,-170,-166,-207,-202,-447,-436,-429,-428,-616,-605,-593,-580,-605,-601]} 1. e4 c5 2. Nc3 Nc6 3. g3 g6 4. Bg2 Bg7 5. d3 e6 6. Be3 d6 7. Qd2 Rb8 8. f4 Nge7 9. Nf3 Nd4 10. O-O O-O 11. Nh4 b5 12. Nd1 {B25: Closed Sicilian: 3 g3, lines without early Be3.} f5 13. c3 Ndc6 $1 14. exf5 {The position is equal.} gxf5 {[#]} 15. Bf2 $146 ({Predecessor:} 15. Re1 b4 16. Nf3 bxc3 17. bxc3 Qa5 18. Rc1 Nd5 19. Bf2 h6 20. d4 c4 21. Ne3 Nxe3 22. Rxe3 {1-0 (54) Gonzalez Laso,A (2168)-Naiditsch,Y (2390) Linares 2018}) 15... b4 16. Re1 bxc3 17. bxc3 Qa5 18. Nf3 Bd7 (18... Nd5 {is more complex.} 19. Rc1 h6 20. Ne3 Nxe3 21. Rxe3 Ne7) 19. d4 (19. Rc1 {feels hotter.} Bf6 20. Re2 Nd5 21. c4 Nb6 22. d4) 19... cxd4 20. Nxd4 Nxd4 21. Bxd4 Bxd4+ 22. Qxd4 Qb6 23. Qxb6 Rxb6 24. c4 Kf7 25. Ne3 Rc8 26. Rad1 Rc5 27. Rd2 Ba4 28. h3 Ng6 29. Kf2 Ra5 30. Bf3 Bd7 31. Bd1 Kf6 32. Bb3 Rc5 33. Bd1 Bc8 34. Bb3 a5 35. Nd1 Bd7 36. Nb2 Rc7 37. Re3 Ra6 38. Bd1 Ne7 39. Red3 d5 40. cxd5 Nxd5 41. Bf3 Bc6 42. Ra3 Nb4 43. Be2 Raa7 44. Nc4 Bd5 45. Ne3 Be4 46. Nc4 Rc5 47. Ne3 Rac7 48. Rd4 Rc3 49. Rxc3 Rxc3 50. Nc4 Rc2 {[#] ...Bd3 is the strong threat.} ({Reject} 50... Nxa2 51. Rd7 $14) 51. a3 Nd3+ 52. Ke3 Nc5 53. Nxa5 $2 (53. Rd2 $11) 53... Rc3+ $19 {[%mdl 64] [#] Double Attack} 54. Kf2 Bd5 ({But not} 54... Rxa3 $6 55. Nc4 $11) 55. g4 Ne4+ ({Don't do} 55... Rxh3 56. g5+ Ke7 57. Nc4 $17) 56. Kg1 $2 (56. Ke1) 56... Rg3+ {Black is clearly winning.} 57. Kf1 Rxa3 58. Nc4 (58. g5+ $142 Kg7 59. Rxd5 exd5 60. Nc6) 58... Ra1+ 59. Kg2 Ra2 60. Kf3 Nc3+ {Accuracy: White = 81%, Black = 93%.} 0-1

[Event "POL-chT 1st League 2020"]
[Site "Ustron"]
[Date "2020.09.07"]
[Round "3.26"]
[White "Paszewski, Mateusz"]
[Black "Janaszak, Dawid"]
[Result "1/2-1/2"]
[WhiteElo "2275"]
[BlackElo "2356"]
[Annotator "ChessBase"]
[PlyCount "61"]
[EventDate "2020.09.05"]
[EventType "team-tourn"]
[EventCountry "POL"]
[SourceTitle "playchess.com"]
[Source "ChessBase"]
[SourceQuality "1"]
[WhiteTeam "SEMPAI UKS HETMAN Cz."]
[BlackTeam "OTSz Ostrow Wielkopolski"]
[WhiteTeamCountry "POL"]
[BlackTeamCountry "POL"]
[TimeControl "40/5400+30:1800+30"]

1. e4 {[%emt 0:00:00]} e5 {[%emt 0:00:00]} 2. Nf3 {[%emt 0:00:00]} Nc6 {[%emt 0:00:00]} 3. Bc4 {[%emt 0:00:00]} Nf6 {[%emt 0:00:18]} 4. d3 {[%emt 0:00:58]} h6 {[%emt 0:01:25]} 5. O-O {[%emt 0:01:18]} d6 {[%emt 0:00:22]} 6. c3 {[%emt 0:02:42]} g6 {[%emt 0:02:32]} 7. Re1 {[%emt 0:06:05]} Bg7 {[%emt 0:00:13]} 8. Bb3 {[%emt 0:01:38]} O-O {[%emt 0:00:46]} 9. Nbd2 {[%emt 0:01:08]} Qe8 {[%emt 0:02:16]} 10. h3 {[%emt 0:09:57]} Kh8 {[%emt 0:07:52]} 11. Nc4 {[%emt 0:05:29]} Nh5 {[%emt 0:05:42]} 12. d4 {[%emt 0:03:17]} Bd7 {[%emt 0:06:45]} 13. Ne3 {[%emt 0:19:01]} Rc8 {[%emt 0:14:33]} 14. Nd5 {[%emt 0:10:14]} Nd8 {[%emt 0:09:59]} 15. dxe5 {[%emt 0:07:16]} dxe5 {[%emt 0:00:27]} 16. Be3 {[%emt 0:02:11]} Ne6 {[%emt 0:03:48]} 17. Qd2 {[%emt 0:03:39]} g5 {[%emt 0:10:24]} 18. Rad1 {[%emt 0:03:55]} Bc6 {[%emt 0:00:24]} 19. g3 {[%emt 0:03:55]} a5 {[%emt 0:01:29]} 20. Qe2 {[%emt 0:01:03]} f6 {[%emt 0:04:02]} 21. Kh2 {[%emt 0:02:54]} Rf7 {[%emt 0:03:52]} 22. Rd2 {[%emt 0:04:31]} Bf8 {[%emt 0:03:25]} 23. Red1 {[%emt 0:00:47]} Nhg7 {[%emt 0:02:29]} 24. Ne1 {[%emt 0:01:07]} Rd8 {[%emt 0:04:33]} 25. Ng2 {[%emt 0:00:24]} Bd6 {[%emt 0:01:05]} 26. Bc2 {[%emt 0:01:40]} Bb5 {[%emt 0:01:38]} 27. Bd3 {[%emt 0:01:11]} Ba4 {[%emt 0:00:06]} 28. Bc2 {[%emt 0:00:24]} Bb5 {[%emt 0:00:03]} 29. Bd3 {[%emt 0:00:06]} Ba4 {[%emt 0:00:04]} 30. Bc2 {[%emt 0:01:44]} Bb5 {[%emt 0:00:04]} 31. Ra1 1/2-1/2

[Event "POL-chT 1st League 2020"]
[Site "Ustron"]
[Date "2020.09.07"]
[Round "3.27"]
[White "Dudzinski, Pawel"]
[Black "Ciesla, Adam"]
[Result "1/2-1/2"]
[WhiteElo "2199"]
[BlackElo "2294"]
[Annotator "ChessBase"]
[PlyCount "49"]
[EventDate "2020.09.05"]
[EventType "team-tourn"]
[EventCountry "POL"]
[SourceTitle "playchess.com"]
[Source "ChessBase"]
[SourceQuality "1"]
[WhiteTeam "OTSz Ostrow Wielkopolski"]
[BlackTeam "SEMPAI UKS HETMAN Cz."]
[WhiteTeamCountry "POL"]
[BlackTeamCountry "POL"]
[TimeControl "40/5400+30:1800+30"]

1. e4 {[%emt 0:00:00]} e5 {[%emt 0:00:00]} 2. Nf3 {[%emt 0:00:00]} Nf6 {[%emt 0:00:56]} 3. Nxe5 {[%emt 0:00:00]} Nxe4 {[%emt 0:00:12]} 4. Qe2 {[%emt 0:01:05]} Qe7 {[%emt 0:00:43]} 5. d3 {[%emt 0:00:22]} Qxe5 {[%emt 0:04:48]} 6. Qxe4 {[%emt 0:00:08]} Qxe4+ {[%emt 0:04:31]} 7. dxe4 {[%emt 0:00:02]} Nc6 {[%emt 0:00:37]} 8. Be3 {[%emt 0:06:17]} Bb4+ {[%emt 0:02:03]} 9. c3 {[%emt 0:00:56]} Be7 {[%emt 0:02:43]} 10. Nd2 {[%emt 0:39:55]} d6 {[%emt 0:00:59]} 11. h3 {[%emt 0:08:06]} f5 {[%emt 0:01:51]} 12. Bd3 {[%emt 0:12:46]} O-O {[%emt 0:02:42]} 13. f4 {[%emt 0:09:49]} Bh4+ {[%emt 0:03:08]} 14. Ke2 {[%emt 0:00:39]} Ne7 {[%emt 0:27:53]} 15. Bc4+ {[%emt 0:01:55]} Kh8 {[%emt 0:01:57]} 16. e5 {[%emt 0:05:08]} dxe5 {[%emt 0:08:09]} 17. Nf3 {[%emt 0:07:05]} exf4 {[%emt 0:17:01]} 18. Bxf4 {[%emt 0:00:06]} Ng6 {[%emt 0:00:30]} 19. Bxc7 {[%emt 0:00:24]} Bd7 {[%emt 0:00:42]} 20. Nxh4 {[%emt 0:01:59]} Nxh4 {[%emt 0:00:37]} 21. Bd5 {[%emt 0:00:18]} f4 {[%emt 0:06:13]} 22. Kf2 {[%emt 0:00:40]} Bc6 {[%emt 0:06:54]} 23. Bxc6 {[%emt 0:00:55]} bxc6 {[%emt 0:00:01]} 24. Rhd1 {[%emt 0:00:09]} Rae8 {[%emt 0:01:06]} 25. Re1 {[%emt 0:00:32]} 1/2-1/2

[Event "POL-chT 1st League 2020"]
[Site "Ustron"]
[Date "2020.09.07"]
[Round "3.28"]
[White "Tomaszewski, Roman"]
[Black "Szyszylo, Rafal"]
[Result "1/2-1/2"]
[WhiteElo "2206"]
[BlackElo "2188"]
[Annotator "ChessBase"]
[PlyCount "122"]
[EventDate "2020.09.05"]
[EventType "team-tourn"]
[EventCountry "POL"]
[SourceTitle "playchess.com"]
[Source "ChessBase"]
[SourceQuality "1"]
[WhiteTeam "SEMPAI UKS HETMAN Cz."]
[BlackTeam "OTSz Ostrow Wielkopolski"]
[WhiteTeamCountry "POL"]
[BlackTeamCountry "POL"]
[TimeControl "40/5400+30:1800+30"]

1. e4 {[%emt 0:00:00]} d6 {[%emt 0:00:00]} 2. d4 {[%emt 0:00:00]} g6 {[%emt 0:00:26]} 3. Nc3 {[%emt 0:00:20]} Bg7 {[%emt 0:00:06]} 4. f4 {[%emt 0:00:23]} Nf6 {[%emt 0:00:09]} 5. Nf3 {[%emt 0:00:32]} c5 {[%emt 0:00:07]} 6. e5 {[%emt 0:16:01]} Nfd7 {[%emt 0:30:14]} 7. exd6 {[%emt 0:39:04]} O-O {[%emt 0:11:24]} 8. Be3 {[%emt 0:02:34]} exd6 {[%emt 0:17:13]} 9. Qd2 {[%emt 0:01:52]} Nc6 {[%emt 0:04:48]} 10. O-O-O {[%emt 0:00:29]} a6 {[%emt 0:04:02]} 11. f5 {[%emt 0:07:04]} cxd4 {[%emt 0:02:49]} 12. Nxd4 {[%emt 0:00:09]} Nxd4 {[%emt 0:00:53]} 13. Bxd4 {[%emt 0:00:08]} Bxd4 {[%emt 0:02:56]} 14. Qxd4 {[%emt 0:00:07]} Qg5+ {[%emt 0:00:10]} 15. Kb1 {[%emt 0:00:06]} Qxf5 {[%emt 0:00:39]} 16. Qxd6 {[%emt 0:16:06]} Qe5 {[%emt 0:00:17]} 17. Bc4 {[%emt 0:02:58]} Qxd6 {[%emt 0:04:03]} 18. Rxd6 {[%emt 0:00:02]} Nc5 {[%emt 0:01:35]} 19. b4 {[%emt 0:04:22]} Be6 {[%emt 0:02:47]} 20. Be2 {[%emt 0:00:12]} Nd7 {[%emt 0:00:28]} 21. Ne4 {[%emt 0:01:05]} Ne5 {[%emt 0:01:17]} 22. Nc5 {[%emt 0:00:25]} Bc4 {[%emt 0:04:15]} 23. Nd7 {[%emt 0:05:03]} Bxe2 {[%emt 0:02:29]} 24. Nxe5 {[%emt 0:00:08]} Rad8 {[%emt 0:03:21]} 25. Rxd8 {[%emt 0:01:16]} Rxd8 {[%emt 0:00:05]} 26. Re1 {[%emt 0:00:03]} Rd1+ {[%emt 0:02:43]} 27. Rxd1 {[%emt 0:00:12]} Bxd1 {[%emt 0:00:02]} 28. a4 {[%emt 0:01:35]} Be2 {[%emt 0:00:48]} 29. Kc1 {[%emt 0:00:12]} Bf1 {[%emt 0:00:17]} 30. g3 {[%emt 0:00:38]} Kf8 {[%emt 0:00:33]} 31. Kd2 {[%emt 0:00:10]} Ke7 {[%emt 0:00:39]} 32. Ke3 {[%emt 0:00:55]} f6 {[%emt 0:00:53]} 33. Ng4 {[%emt 0:00:30]} h5 {[%emt 0:00:57]} 34. Nf2 {[%emt 0:00:07]} Bg2 {[%emt 0:01:11]} 35. a5 {[%emt 0:00:52]} Ke6 {[%emt 0:01:44]} 36. Kd4 {[%emt 0:00:12]} Bc6 37. c4 {[%emt 0:01:10]} g5 {[%emt 0:00:55]} 38. Nd3 {[%emt 0:01:00]} Kf5 {[%emt 0:00:49]} 39. Ke3 {[%emt 0:00:17]} Kg4 {[%emt 0:00:49]} 40. Nf2+ {[%emt 0:00:00]} Kf5 {[%emt 0:00:00]} 41. Kd4 {[%emt 0:04:27]} Bg2 {[%emt 0:06:07]} 42. b5 {[%emt 0:11:53]} axb5 {[%emt 0:01:43]} 43. cxb5 {[%emt 0:00:08]} h4 {[%emt 0:09:10]} 44. Kc5 {[%emt 0:03:12]} hxg3 {[%emt 0:02:06]} 45. hxg3 {[%emt 0:00:10]} Ke6 {[%emt 0:02:38]} 46. Kb6 {[%emt 0:08:20]} f5 {[%emt 0:03:37]} 47. a6 {[%emt 0:06:00]} bxa6 {[%emt 0:00:06]} 48. bxa6 {[%emt 0:00:03]} Kd7 {[%emt 0:07:48]} 49. Kc5 {[%emt 0:00:41]} Ke6 {[%emt 0:00:14]} 50. a7 {[%emt 0:00:19]} Ke5 {[%emt 0:00:50]} 51. Nd3+ {[%emt 0:00:17]} Ke6 {[%emt 0:00:40]} 52. Kd4 {[%emt 0:00:11]} Kd6 {[%emt 0:00:20]} 53. Ne5 {[%emt 0:01:12]} Kc7 {[%emt 0:00:15]} 54. Nf7 {[%emt 0:00:28]} Kb7 {[%emt 0:01:40]} 55. Nxg5 {[%emt 0:00:10]} Kxa7 {[%emt 0:00:04]} 56. Ke5 {[%emt 0:00:07]} Kb6 {[%emt 0:00:14]} 57. Kxf5 {[%emt 0:00:06]} Kc6 {[%emt 0:00:30]} 58. Kf6 {[%emt 0:00:30]} Bf1 {[%emt 0:00:31]} 59. Nf3 {[%emt 0:00:58]} Bh3 {[%emt 0:00:18]} 60. Nd4+ {[%emt 0:00:50]} Kd7 {[%emt 0:00:30]} 61. Ne2 {[%emt 0:00:05]} Bg4 {[%emt 0:00:38]} 1/2-1/2

[Event "POL-chT 1st League 2020"]
[Site "Ustron"]
[Date "2020.09.07"]
[Round "3.29"]
[White "Kucza, Karol"]
[Black "Flis, Jacek"]
[Result "1/2-1/2"]
[WhiteElo "2285"]
[BlackElo "2214"]
[Annotator "ChessBase"]
[PlyCount "123"]
[EventDate "2020.09.05"]
[EventType "team-tourn"]
[EventCountry "POL"]
[SourceTitle "playchess.com"]
[Source "ChessBase"]
[SourceQuality "1"]
[WhiteTeam "OTSz Ostrow Wielkopolski"]
[BlackTeam "SEMPAI UKS HETMAN Cz."]
[WhiteTeamCountry "POL"]
[BlackTeamCountry "POL"]
[TimeControl "40/5400+30:1800+30"]

1. e4 {[%emt 0:00:00]} c5 {[%emt 0:00:00]} 2. Nf3 {[%emt 0:00:00]} e6 {[%emt 0:00:00]} 3. d4 {[%emt 0:00:00]} cxd4 {[%emt 0:00:00]} 4. Nxd4 {[%emt 0:00:00]} Nc6 {[%emt 0:00:00]} 5. Nc3 {[%emt 0:00:03]} Qc7 {[%emt 0:00:30]} 6. Be3 {[%emt 0:00:14]} a6 {[%emt 0:00:12]} 7. Qd2 {[%emt 0:00:14]} Nf6 {[%emt 0:01:00]} 8. O-O-O {[%emt 0:00:22]} Be7 {[%emt 0:02:55]} 9. f4 {[%emt 0:04:33]} d5 {[%emt 0:02:37]} 10. exd5 {[%emt 0:06:36]} exd5 {[%emt 0:01:09]} 11. Nb3 {[%emt 0:04:12]} O-O {[%emt 0:02:58]} 12. Nxd5 {[%emt 0:13:45]} Nxd5 {[%emt 0:02:01]} 13. Qxd5 {[%emt 0:00:07]} Bg4 {[%emt 0:24:26]} 14. Re1 {[%emt 0:25:22]} Rad8 {[%emt 0:22:47]} 15. Qe4 {[%emt 0:00:54]} Bb4 {[%emt 0:04:01]} 16. Bc5 {[%emt 0:12:42]} Bxc5 {[%emt 0:07:42]} 17. Nxc5 {[%emt 0:00:26]} Nd4 {[%emt 0:13:11]} 18. Bd3 {[%emt 0:02:39]} g6 {[%emt 0:02:15]} 19. Qe5 {[%emt 0:01:13]} Rc8 {[%emt 0:06:57]} 20. Qxd4 {[%emt 0:03:01]} Rfd8 {[%emt 0:02:29]} 21. Qe5 {[%emt 0:02:20]} Qxc5 {[%emt 0:00:36]} 22. Qxc5 {[%emt 0:00:14]} Rxc5 {[%emt 0:00:05]} 23. Re3 {[%emt 0:01:06]} Be6 {[%emt 0:00:40]} 24. a3 {[%emt 0:01:36]} Bd5 {[%emt 0:01:36]} 25. Rg1 {[%emt 0:00:34]} Rc7 {[%emt 0:00:58]} 26. g3 {[%emt 0:00:18]} Kg7 {[%emt 0:00:09]} 27. Rge1 {[%emt 0:00:10]} Be6 {[%emt 0:01:00]} 28. Be4 {[%emt 0:01:59]} Kf6 {[%emt 0:00:30]} 29. Rd1 {[%emt 0:01:53]} Rxd1+ {[%emt 0:00:33]} 30. Kxd1 {[%emt 0:00:09]} Bf5 {[%emt 0:00:33]} 31. Bxf5 {[%emt 0:02:06]} Kxf5 {[%emt 0:00:36]} 32. h3 {[%emt 0:00:09]} f6 {[%emt 0:00:06]} 33. c3 {[%emt 0:04:30]} h5 {[%emt 0:00:12]} 34. Rf3 {[%emt 0:00:47]} Rd7+ {[%emt 0:00:42]} 35. Ke2 {[%emt 0:00:06]} h4 {[%emt 0:01:04]} 36. gxh4 {[%emt 0:01:43]} Rh7 {[%emt 0:00:25]} 37. Kf2 {[%emt 0:00:05]} Rxh4 {[%emt 0:00:12]} 38. Kg3 {[%emt 0:00:04]} Rh7 {[%emt 0:00:12]} 39. Rd3 {[%emt 0:00:04]} Re7 {[%emt 0:01:12]} 40. Rd5+ {[%emt 0:00:00]} Ke6 {[%emt 0:00:00]} 41. c4 {[%emt 0:03:11]} Rc7 {[%emt 0:01:23]} 42. b3 {[%emt 0:03:36]} b5 {[%emt 0:04:29]} 43. Rd4 {[%emt 0:00:15]} a5 {[%emt 0:03:25]} 44. Kg4 {[%emt 0:08:17]} bxc4 {[%emt 0:04:12]} 45. Rxc4 {[%emt 0:00:44]} Rb7 {[%emt 0:00:38]} 46. Rc6+ {[%emt 0:06:03]} Kf7 {[%emt 0:00:57]} 47. Rc3 {[%emt 0:00:15]} Rb5 {[%emt 0:09:23]} 48. Kf3 {[%emt 0:02:40]} Ke6 {[%emt 0:00:57]} 49. Ke4 {[%emt 0:00:31]} Kd6 {[%emt 0:00:44]} 50. Rd3+ {[%emt 0:00:36]} Ke6 {[%emt 0:01:36]} 51. Rg3 {[%emt 0:01:49]} Kd6 {[%emt 0:04:21]} 52. h4 {[%emt 0:03:27]} Ke6 {[%emt 0:01:01]} 53. Re3 {[%emt 0:05:49]} Kd6 {[%emt 0:00:27]} 54. Kf3 {[%emt 0:01:17]} Rf5 {[%emt 0:00:57]} 55. Kg4 {[%emt 0:00:30]} Rb5 {[%emt 0:00:23]} 56. Rf3 {[%emt 0:02:01]} Ke6 {[%emt 0:00:46]} 57. f5+ {[%emt 0:02:28]} gxf5+ {[%emt 0:00:26]} 58. Kf4 {[%emt 0:00:32]} Rd5 {[%emt 0:01:24]} 59. Re3+ {[%emt 0:00:48]} Kf7 {[%emt 0:00:19]} 60. h5 {[%emt 0:00:19]} Rd4+ {[%emt 0:01:01]} 61. Kxf5 {[%emt 0:00:13]} Rh4 {[%emt 0:00:16]} 62. Rc3 {[%emt 0:02:20]} 1/2-1/2